<?xml version='1.0' encoding='UTF-8'?>
  <record xmlns="http://www.loc.gov/MARC21/slim">
    <leader>00000cam a2200000 i 4500</leader>
    <controlfield tag="001">ocm02479101</controlfield>
    <controlfield tag="003">OCoLC</controlfield>
    <controlfield tag="005">20250622112654.2</controlfield>
    <controlfield tag="008">761004m17371738fr aef        001 0 fre  </controlfield>
    <datafield tag="010" ind1=" " ind2=" ">
      <subfield code="a">   10004725 </subfield>
    </datafield>
    <datafield tag="040" ind1=" " ind2=" ">
      <subfield code="a">DLC</subfield>
      <subfield code="b">eng</subfield>
      <subfield code="e">rda</subfield>
      <subfield code="c">DLC</subfield>
      <subfield code="d">DLC</subfield>
      <subfield code="d">B2Q</subfield>
      <subfield code="d">FUG</subfield>
      <subfield code="d">KRTAS</subfield>
      <subfield code="d">PMC</subfield>
      <subfield code="d">OCLCF</subfield>
      <subfield code="d">SVP</subfield>
      <subfield code="d">OCLCO</subfield>
      <subfield code="d">PUL</subfield>
      <subfield code="d">OS8</subfield>
      <subfield code="d">OCLCO</subfield>
      <subfield code="d">OCL</subfield>
      <subfield code="d">OCLCO</subfield>
      <subfield code="d">VXG</subfield>
      <subfield code="d">OCLCL</subfield>
      <subfield code="d">OCLCQ</subfield>
      <subfield code="d">OCLCL</subfield>
    </datafield>
    <datafield tag="019" ind1=" " ind2=" ">
      <subfield code="a">4279773</subfield>
      <subfield code="a">43458114</subfield>
    </datafield>
    <datafield tag="024" ind1="8" ind2=" ">
      <subfield code="a">dcl:03d</subfield>
    </datafield>
    <datafield tag="029" ind1="1" ind2=" ">
      <subfield code="a">ZWZ</subfield>
      <subfield code="b">042590426</subfield>
    </datafield>
    <datafield tag="029" ind1="1" ind2=" ">
      <subfield code="a">NLGGC</subfield>
      <subfield code="b">155970305</subfield>
    </datafield>
    <datafield tag="029" ind1="1" ind2=" ">
      <subfield code="a">DEBBG</subfield>
      <subfield code="b">BV001372972</subfield>
    </datafield>
    <datafield tag="029" ind1="1" ind2=" ">
      <subfield code="a">AU@</subfield>
      <subfield code="b">000024948490</subfield>
    </datafield>
    <datafield tag="035" ind1=" " ind2=" ">
      <subfield code="a">(OCoLC)2479101</subfield>
      <subfield code="z">(OCoLC)4279773</subfield>
      <subfield code="z">(OCoLC)43458114</subfield>
    </datafield>
    <datafield tag="043" ind1=" " ind2=" ">
      <subfield code="a">e-fr---</subfield>
    </datafield>
    <datafield tag="050" ind1="0" ind2="0">
      <subfield code="a">NA7580</subfield>
      <subfield code="b">.B6</subfield>
    </datafield>
    <datafield tag="082" ind1=" " ind2="4">
      <subfield code="a">728.3</subfield>
      <subfield code="b">B65d</subfield>
      <subfield code="1">https://id.oclc.org/worldcat/ddc/E48PXQCmjrjjttgcjRXBcd6kMb</subfield>
    </datafield>
    <datafield tag="100" ind1="1" ind2=" ">
      <subfield code="a">Blondel, Jacques-François,</subfield>
      <subfield code="d">1705-1774,</subfield>
      <subfield code="e">author,</subfield>
      <subfield code="e">engraver.</subfield>
      <subfield code="1">https://id.oclc.org/worldcat/entity/E39PBJmXJGH3YjHKhV9XkrRYfq</subfield>
    </datafield>
    <datafield tag="245" ind1="1" ind2="0">
      <subfield code="a">De la distribution des maisons de plaisance, et de la decoration des edifices en general /</subfield>
      <subfield code="c">par Jacques-François Blondel : ouvrage enrichi de cent soixante planches en taille-douce, gravées par l'auteur.</subfield>
    </datafield>
    <datafield tag="250" ind1=" " ind2=" ">
      <subfield code="a">First edition, first issue, with publisher's address as Rue S. Jacques.</subfield>
    </datafield>
    <datafield tag="264" ind1=" " ind2="1">
      <subfield code="a">A Paris :</subfield>
      <subfield code="b">Chez Charles-Antoine Jombert,</subfield>
      <subfield code="c">1737-1738.</subfield>
    </datafield>
    <datafield tag="300" ind1=" " ind2=" ">
      <subfield code="a">2 volumes :</subfield>
      <subfield code="b">black-and-white illustrations, black-and-white plans ;</subfield>
      <subfield code="c">29 cm</subfield>
    </datafield>
    <datafield tag="336" ind1=" " ind2=" ">
      <subfield code="a">text</subfield>
      <subfield code="b">txt</subfield>
      <subfield code="2">rdacontent</subfield>
    </datafield>
    <datafield tag="337" ind1=" " ind2=" ">
      <subfield code="a">unmediated</subfield>
      <subfield code="b">n</subfield>
      <subfield code="2">rdamedia</subfield>
    </datafield>
    <datafield tag="338" ind1=" " ind2=" ">
      <subfield code="a">volume</subfield>
      <subfield code="b">nc</subfield>
      <subfield code="2">rdacarrier</subfield>
    </datafield>
    <datafield tag="500" ind1=" " ind2=" ">
      <subfield code="a">Half title of tome 1: Traité d'architecture dans le goût moderne.</subfield>
    </datafield>
    <datafield tag="500" ind1=" " ind2=" ">
      <subfield code="a">Black-and-white illustration on title page.</subfield>
    </datafield>
    <datafield tag="500" ind1=" " ind2=" ">
      <subfield code="a">Title-pages in red and black; title and text within double line borders; title vignette.</subfield>
    </datafield>
    <datafield tag="500" ind1=" " ind2=" ">
      <subfield code="a">Illustration between added title page and title page signed "Cochin Filius inv." and "Soubeyran Sculp.".</subfield>
    </datafield>
    <datafield tag="500" ind1=" " ind2=" ">
      <subfield code="a">Colophon, volume 2: De l'imprimerie de J. Chardon.</subfield>
    </datafield>
    <datafield tag="500" ind1=" " ind2=" ">
      <subfield code="a">Plate 25 in volume 2 omitted; there are 2 plates numbered 58; 58 of the plates are folded.</subfield>
    </datafield>
    <datafield tag="500" ind1=" " ind2=" ">
      <subfield code="a">Initials, head and tail pieces.</subfield>
    </datafield>
    <datafield tag="500" ind1=" " ind2=" ">
      <subfield code="a">Includes index.</subfield>
    </datafield>
    <datafield tag="510" ind1="4" ind2=" ">
      <subfield code="a">Cicognara,</subfield>
      <subfield code="c">435</subfield>
    </datafield>
    <datafield tag="510" ind1="4" ind2=" ">
      <subfield code="a">McNamara,</subfield>
      <subfield code="c">25</subfield>
    </datafield>
    <datafield tag="650" ind1=" " ind2="0">
      <subfield code="a">Architecture, Domestic</subfield>
      <subfield code="z">France</subfield>
      <subfield code="v">Early works to 1800.</subfield>
    </datafield>
    <datafield tag="650" ind1=" " ind2="0">
      <subfield code="a">Landscape gardening</subfield>
      <subfield code="z">France</subfield>
      <subfield code="v">Early works to 1800.</subfield>
    </datafield>
    <datafield tag="650" ind1=" " ind2="0">
      <subfield code="a">Interior decoration</subfield>
      <subfield code="z">France</subfield>
      <subfield code="v">Early works to 1800.</subfield>
    </datafield>
    <datafield tag="650" ind1=" " ind2="0">
      <subfield code="a">Decoration and ornament, Architectural</subfield>
      <subfield code="z">France</subfield>
      <subfield code="v">Early works to 1800.</subfield>
    </datafield>
    <datafield tag="650" ind1=" " ind2="6">
      <subfield code="a">Architecture</subfield>
      <subfield code="z">France</subfield>
      <subfield code="x">Histoire</subfield>
      <subfield code="y">17e siècle.</subfield>
    </datafield>
    <datafield tag="650" ind1=" " ind2="6">
      <subfield code="a">Décoration et ornement architecturaux</subfield>
      <subfield code="z">France.</subfield>
    </datafield>
    <datafield tag="650" ind1=" " ind2="6">
      <subfield code="a">Jardins</subfield>
      <subfield code="x">Architecture</subfield>
      <subfield code="z">France.</subfield>
    </datafield>
    <datafield tag="650" ind1=" " ind2="6">
      <subfield code="a">Jardins</subfield>
      <subfield code="x">Architecture</subfield>
      <subfield code="v">Ouvrages avant 1800.</subfield>
    </datafield>
    <datafield tag="650" ind1=" " ind2="6">
      <subfield code="a">Décoration intérieure</subfield>
      <subfield code="v">Ouvrages avant 1800.</subfield>
    </datafield>
    <datafield tag="650" ind1=" " ind2="7">
      <subfield code="a">Decoration and ornament, Architectural</subfield>
      <subfield code="2">fast</subfield>
    </datafield>
    <datafield tag="650" ind1=" " ind2="7">
      <subfield code="a">Architecture, Domestic</subfield>
      <subfield code="2">fast</subfield>
    </datafield>
    <datafield tag="650" ind1=" " ind2="7">
      <subfield code="a">Interior decoration</subfield>
      <subfield code="2">fast</subfield>
    </datafield>
    <datafield tag="650" ind1=" " ind2="7">
      <subfield code="a">Landscape gardening</subfield>
      <subfield code="2">fast</subfield>
    </datafield>
    <datafield tag="651" ind1=" " ind2="7">
      <subfield code="a">France</subfield>
      <subfield code="2">fast</subfield>
      <subfield code="1">https://id.oclc.org/worldcat/entity/E39PBJd8gD4vdtqQMdQHvYqbBP</subfield>
    </datafield>
    <datafield tag="655" ind1=" " ind2="7">
      <subfield code="a">Early works</subfield>
      <subfield code="2">fast</subfield>
    </datafield>
    <datafield tag="655" ind1=" " ind2="7">
      <subfield code="a">Engravings</subfield>
      <subfield code="z">France</subfield>
      <subfield code="z">Paris</subfield>
      <subfield code="y">1737.</subfield>
      <subfield code="2">gmgpc</subfield>
    </datafield>
    <datafield tag="655" ind1=" " ind2="7">
      <subfield code="a">Engravings.</subfield>
      <subfield code="2">lcgft</subfield>
    </datafield>
    <datafield tag="655" ind1=" " ind2="7">
      <subfield code="a">Binders' instructions (Binding)</subfield>
      <subfield code="z">France</subfield>
      <subfield code="z">Paris</subfield>
      <subfield code="y">1737.</subfield>
      <subfield code="2">rbbin</subfield>
    </datafield>
    <datafield tag="655" ind1=" " ind2="7">
      <subfield code="a">Binding errors (Binding).</subfield>
      <subfield code="5">FU.</subfield>
      <subfield code="2">rbbin</subfield>
    </datafield>
    <datafield tag="655" ind1=" " ind2="7">
      <subfield code="a">Errata lists (Printing)</subfield>
      <subfield code="z">France</subfield>
      <subfield code="z">Paris</subfield>
      <subfield code="y">1737.</subfield>
      <subfield code="2">rbpri</subfield>
    </datafield>
    <datafield tag="700" ind1="1" ind2=" ">
      <subfield code="a">Cochin, Charles Nicolas,</subfield>
      <subfield code="d">1715-1790,</subfield>
      <subfield code="e">artist.</subfield>
    </datafield>
    <datafield tag="700" ind1="1" ind2=" ">
      <subfield code="a">Soubeyran, Pierre,</subfield>
      <subfield code="d">1709-1775,</subfield>
      <subfield code="e">engraver.</subfield>
    </datafield>
    <datafield tag="700" ind1="1" ind2=" ">
      <subfield code="a">Jombert, Charles-Antoine,</subfield>
      <subfield code="d">1712-1784,</subfield>
      <subfield code="e">publisher.</subfield>
    </datafield>
    <datafield tag="740" ind1="0" ind2=" ">
      <subfield code="a">Traité d'architecture dans le goût moderne.</subfield>
    </datafield>
    <datafield tag="776" ind1="0" ind2="8">
      <subfield code="i">Online version:</subfield>
      <subfield code="a">Blondel, Jacques-François, 1705-1774.</subfield>
      <subfield code="t">De la distribution des maisons de plaisance, et de la decoration des edifices en general.</subfield>
      <subfield code="d">Paris, Charles-Antoine Jombert, 1737-38</subfield>
      <subfield code="w">(OCoLC)889840642</subfield>
    </datafield>
    <datafield tag="856" ind1="4" ind2="0">
      <subfield code="3">HathiTrust Digital Library, Full view</subfield>
      <subfield code="u">http://catalog.hathitrust.org/api/volumes/oclc/2479101.html</subfield>
      <subfield code="z">HathiTrust</subfield>
    </datafield>
    <datafield tag="856" ind1="4" ind2="0">
      <subfield code="3">Internet Archive, Getty Research Institute: v. 1, c. 1</subfield>
      <subfield code="u">https://www.archive.org/details/gri_33125011569742</subfield>
      <subfield code="z">The Internet Archive (volume 1)</subfield>
    </datafield>
    <datafield tag="856" ind1="4" ind2="0">
      <subfield code="3">Internet Archive, Getty Research Institute: v. 2, c. 1</subfield>
      <subfield code="u">https://www.archive.org/details/gri_33125011569759</subfield>
      <subfield code="z">The Internet Archive (volume 2)</subfield>
    </datafield>
    <datafield tag="938" ind1=" " ind2=" ">
      <subfield code="a">Kirtas Technologies, Inc.</subfield>
      <subfield code="b">KRTS</subfield>
      <subfield code="n">428746</subfield>
    </datafield>
  </record>